| 000 | 00539nam a2200169Ia 4500 | ||
|---|---|---|---|
| 005 | 20250424120234.0 | ||
| 008 | 250424s9999 xx 000 0 und d | ||
| 022 | _a13837621 | ||
| 050 | _aTK 7895.E42. E43/ | ||
| 245 | 0 | _aEmbedded software design | |
| 260 | _aUnited kingdom | ||
| 260 | _bElsevier | ||
| 260 | _c2010 | ||
| 300 | _a452 p. :ill. 28 cm. | ||
| 650 | _a Embedded computer systems--Design and construction. Computer software--Development. Multiprocessors. Systems on a chip. C++ (Computer program language) | ||
| 942 | _cSR | ||
| 999 |
_c38176 _d38176 |
||